02114cam a2200409 i 4500999001500000001001900015003000400034005001700038008004100055015001600096017004300112020001800155035002200173040002900195043003000224080004000254080004300294080004200337100002400379245020900403260004300612300004600655490004000701504003600741508014500777508022700922650007201149650007501221650009501296650007601391700002601467830005601493908002201549940000801571942001301579952011201592 c7848d7848991060404649806706OSt20240123170524.0220330s2021 spca|| r 000 0 cat c aLL20232bnc aDL T 148-2022bBiblioteca de Catalunya a9788484249696 a(OCoLC)1331525771 aES-TaURVbcaterdacCDMR ae-sp---be-spcta2catmarc a070x(460.23 Ta)x"1969/2019"22004 a316.77x(460.23 Ta)x"1969/2019"22004 a659.3x(460.23 Ta)x"1969/2019"220041 aArias, Josep Maria,10aDe l'Olivetti al teletreball :bmig segle de periodisme i comunicació de proximitat al Camps de Tarragona, Terres de l'Ebre i Baix Penedès (1969-2019), i Covid-19 c/ Josep Maria Arias i Tomàs Carot aTarragona b: Publicacions URV, c2021 a322 pàgines :bil·lustracions ;c24 cm1 aUniversitat Rovira i Virgili ;v106 aBibliografia: pàgines 317-322 aSalutacions: Joan Mareia Morros i Cuadras, Neus Bonet Bagant, Noemí Llauradó Sans, Josep Poblet Tous, Jordi Farré Coma, Bernat López aMirades personals: Berta Ramos Martínez, José Luis Villa Moreno, Josep Carles Rius i Baró, Josep M. Martí i Martí, Xavier Abelló Tomàs, Maria Arbonès i Arbonès, Carles Magrané Unda, Marc Arias Giménez 7aPeriodismezTarragona (Catalunya : Província)xHistòria.2lemac 7aComunicaciózTarragona (Catalunya : Província)xHistòria.2lemac 7aMitjans de comunicació de massazTarragona (Catalunya : Província)xHistòria.2lemac 0aPremsa comarcalzTarragona (Catalunya : Província) xHistòria937171 aCarot Giner, Tomàs, 0aUniversitat Rovira i Virgili (Col·lecció) ;v106 aURVaCLRaUABaBC aURV 2udccMON 00104070aCDMRbCDMRd2024-01-23eDonacióg24.00l0oDu 8/50pCDMR22050017r2024-01-23w2024-01-23yMON